| 000 | 00591nam a2200193 i 4500 | ||
|---|---|---|---|
| 001 | 76913 | ||
| 003 | ES-MaACL | ||
| 005 | 20251001141116.0 | ||
| 007 | t| | ||
| 008 | 041005s1909 sp ||||1| spa d | ||
| 100 | 1 |
_aGurlitt, Ludwig. _960984 |
|
| 245 | 1 | 3 |
_aLa educación natural / _cpor L. Gurlitt ; traducción por Faustino Ballvé ; prólogo de Kaete Ballvé. |
| 260 |
_aMadrid : _bLa Lectura, _c[1909] |
||
| 300 |
_a238 p. ; _c19 cm. |
||
| 700 | 1 |
_aBallvé, Faustino, _d1887-1958 _925088 |
|
| 700 | 1 |
_aBallvé, Kaete. _925089 |
|
| 852 |
_aES-MaACL _jB-6473 |
||
| 999 |
_c76913 _d76913 |
||